[Event "SPICE Cup"]
[Site "St Louis USA"]
[Date "2012.10.17"]
[EventDate "2012.10.12"]
[Round "6"]
[Result "1/2-1/2"]
[White "Wesley So"]
[Black "Ding Liren"]
[WhiteElo "2677"]
[BlackElo "2702"]
[PlyCount "113"]

1. d4 Nf6 2. c4 g6 3. Nc3 Bg7 4. g3 O-O 5. Bg2 d6 6. Nf3 Nbd7
7. O-O e5 8. e4 exd4 9. Nxd4 Re8 10. h3 Nc5 11. Re1 Bd7
12. Rb1 a5 13. Ndb5 Bc6 14. Qc2 Nfd7 15. Be3 a4 16. Rbd1 Qb8
17. f4 Nb6 18. b4 axb3 19. axb3 Rd8 20. g4 Na6 21. Bd4 Bxb5
22. Bxg7 Kxg7 23. Nxb5 c6 24. Nd4 Kg8 25. e5 dxe5 26. fxe5 Nc5
27. b4 Ne6 28. Nxe6 fxe6 29. Bf1 Qc7 30. Qc3 Na4 31. Qe3 Rxd1
32. Rxd1 Qb6 33. Qxb6 Nxb6 34. Rd6 Ra4 35. c5 Nd5 36. b5 cxb5
37. Bxb5 Ra1+ 38. Kf2 Rc1 39. Bd7 Nc7 40. c6 bxc6 41. Rxc6
Rxc6 42. Bxc6 g5 43. Ke3 Kf7 44. Kd4 Ke7 45. Be4 Kf7 46. Kc5
Ke7 47. Kc6 Na6 48. Kb5 Nc7+ 49. Kc5 Na6+ 50. Kd4 Nb8 51. Bxh7
Nc6+ 52. Ke4 Kf7 53. Kf3 Nxe5+ 54. Kg3 Kf6 55. h4 gxh4+
56. Kxh4 Nxg4 57. Kxg4 1/2-1/2

[Event "SPICE Cup"]
[Site "St Louis USA"]
[Date "2012.10.18"]
[EventDate "2012.10.12"]
[Round "7"]
[Result "1-0"]
[White "Ding Liren"]
[Black "Georg Meier"]
[WhiteElo "2702"]
[BlackElo "2646"]
[PlyCount "91"]

1. d4 Nf6 2. c4 e6 3. Nf3 d5 4. Nc3 dxc4 5. e4 Bb4 6. Bxc4
Nxe4 7. O-O Nxc3 8. bxc3 Be7 9. Ne5 O-O 10. Qg4 Nc6 11. Re1 f5
12. Qf3 Nxe5 13. Rxe5 Kh8 14. Re1 c5 15. Bf4 cxd4 16. Rad1 Bf6
17. cxd4 Re8 18. Re3 Bd7 19. Qh5 g6 20. Qe2 Ba4 21. Rd2 Rc8
22. h3 g5 23. Be5 f4 24. Bxf6+ Qxf6 25. Re5 Bd7 26. f3 h6
27. Rd1 a6 28. Re1 Kg7 29. Bb3 b5 30. Qd2 Kh8 31. Kh2 Kg7
32. Qa5 h5 33. Qxa6 g4 34. Qb7 Re7 35. Qe4 g3+ 36. Kh1 Be8
37. d5 Bg6 38. Qb4 Rec7 39. Rxe6 Qf5 40. Qd4+ Kh6 41. Qd2 Rc3
42. d6 Rd3 43. d7 Rd8 44. Qe2 Rc3 45. Rd1 Kg7 46. Rxg6+ 1-0

[Event "SPICE Cup"]
[Site "St Louis USA"]
[Date "2012.10.19"]
[EventDate "2012.10.12"]
[Round "8"]
[Result "1/2-1/2"]
[White "Le Quang Liem"]
[Black "Ding Liren"]
[WhiteElo "2703"]
[BlackElo "2702"]
[PlyCount "66"]

1. d4 Nf6 2. c4 g6 3. Nc3 Bg7 4. g3 O-O 5. Bg2 d6 6. Nf3 Nc6
7. O-O Rb8 8. b3 a6 9. Nd5 Bg4 10. Bb2 Nxd5 11. cxd5 Nb4
12. e4 c6 13. Qd2 a5 14. dxc6 bxc6 15. h3 Bxf3 16. Bxf3 c5
17. Rfc1 e6 18. Be2 Rc8 19. a3 Nc6 20. dxc5 dxc5 21. Qxd8
Rfxd8 22. Bxg7 Kxg7 23. Ba6 Rb8 24. Rxc5 Nd4 25. Bc4 Nxb3
26. Bxb3 Rxb3 27. Rxa5 Rd2 28. Kg2 Rbb2 29. Rf1 Ra2 30. h4 Rd3
31. Re1 Rdd2 32. Rf1 Rd3 33. Re1 Rdd2 1/2-1/2

[Event "SPICE Cup"]
[Site "St Louis USA"]
[Date "2012.10.21"]
[EventDate "2012.10.12"]
[Round "10"]
[Result "1/2-1/2"]
[White "Csaba Balogh"]
[Black "Ding Liren"]
[WhiteElo "2664"]
[BlackElo "2702"]
[PlyCount "45"]

1. e4 c6 2. d4 d5 3. Nc3 dxe4 4. Nxe4 Nd7 5. Ng5 Ngf6 6. Bd3
e5 7. Bc4 Nd5 8. N1f3 exd4 9. Qxd4 N7f6 10. Ne5 Qa5+ 11. Bd2
Bc5 12. Qh4 Qc7 13. O-O-O O-O 14. Rhe1 h6 15. Ngf3 Re8 16. g4
Bd6 17. g5 hxg5 18. Qxg5 Nh7 19. Qh5 Nhf6 20. Qg5 Nh7 21. Qh5
Nhf6 22. Qg5 Nh7 23. Qh5 1/2-1/2

[Event "SPICE Cup"]
[Site "St Louis USA"]
[Date "2012.10.21"]
[EventDate "2012.10.12"]
[Round "9"]
[Result "1/2-1/2"]
[White "Ding Liren"]
[Black "Maxime Vachier-Lagrave"]
[WhiteElo "2702"]
[BlackElo "2705"]
[PlyCount "81"]

1. Nf3 c5 2. c4 Nc6 3. Nc3 e5 4. e3 Nf6 5. d4 e4 6. Ne5 g6
7. Be2 Bg7 8. O-O O-O 9. b3 Ne7 10. f3 d6 11. Ng4 Nxg4
12. fxg4 Nc6 13. Nxe4 f5 14. gxf5 Bxf5 15. Nf2 cxd4 16. Bf3
Qh4 17. Bd5+ Kh8 18. g3 Qe7 19. e4 Be6 20. Bf4 Bxd5 21. exd5
g5 22. Bxg5 Qxg5 23. dxc6 bxc6 24. Qg4 Qxg4 25. Nxg4 h5
26. Nf2 Rae8 27. Nd3 Re3 28. Nf4 Kg8 29. Nxh5 Be5 30. Rae1
Rxf1+ 31. Kxf1 Rc3 32. Re2 a5 33. Nf4 a4 34. bxa4 Bxf4
35. gxf4 Rxc4 36. Re6 d3 37. Rxd6 Rxf4+ 38. Ke1 Rxa4 39. Rxd3
Rxa2 40. Rc3 Rxh2 41. Rxc6 1/2-1/2

[Event "SportAccord World Mind Games (Men's Rapid)"]
[Site "Beijing CHN"]
[Date "2012.12.14"]
[EventDate "2012.12.14"]
[Round "1.8"]
[Result "1-0"]
[White "Ding Liren"]
[Black "Vassily Ivanchuk"]
[WhiteElo "2702"]
[BlackElo "2766"]
[PlyCount "116"]

1. d4 e6 2. c4 Bb4+ 3. Nd2 b6 4. a3 Bxd2+ 5. Qxd2 Bb7 6. Nf3
f5 7. e3 Nf6 8. b4 a5 9. b5 d6 10. Be2 Nbd7 11. O-O O-O 12. a4
Qe8 13. Ne1 g5 14. Nd3 Qg6 15. Ba3 Rf7 16. c5 bxc5 17. dxc5
Ne4 18. Qc2 Nexc5 19. Bxc5 Nxc5 20. Nxc5 dxc5 21. Qxc5 f4
22. f3 fxe3 23. Qxe3 Bd5 24. Rac1 Qf6 25. g3 Raf8 26. Rc5 h6
27. Rfc1 Bxf3 28. Bxf3 Qxf3 29. Qxf3 Rxf3 30. Rxc7 Rb3 31. Ra7
Rb2 32. Rf1 Rc8 33. Rf2 Rb1+ 34. Kg2 g4 35. Rxa5 Rcc1 36. Re2
Rg1+ 37. Kf2 Rgf1+ 38. Ke3 Rb4 39. Kd3 Rf3+ 40. Kc2 Kf7
41. Ra7+ Kf6 42. Ra6 Kf5 43. Rexe6 Rc4+ 44. Kd2 Rd4+ 45. Kc2
Rc4+ 46. Kb2 Rb4+ 47. Ka2 Rxa4+ 48. Rxa4 Kxe6 49. Rxg4 Rf2+
50. Kb3 Rxh2 51. Rh4 Rg2 52. Rxh6+ Kd5 53. Rg6 Kc5 54. b6 Rg1
55. Kc2 Rg2+ 56. Kd3 Rb2 57. Ke4 Re2+ 58. Kf5 Rf2+ 1-0

[Event "SportAccord World Mind Games (Men's Rapid)"]
[Site "Beijing CHN"]
[Date "2012.12.14"]
[EventDate "2012.12.14"]
[Round "2.2"]
[Result "1-0"]
[White "Hikaru Nakamura"]
[Black "Ding Liren"]
[WhiteElo "2760"]
[BlackElo "2702"]
[PlyCount "107"]

1. e4 c6 2. Nc3 d5 3. Nf3 Bg4 4. h3 Bh5 5. Be2 e6 6. O-O Nf6
7. d3 Be7 8. Bf4 O-O 9. Nd2 Bxe2 10. Qxe2 a5 11. e5 Nfd7
12. Qg4 Kh8 13. a3 b5 14. Nf3 Na6 15. Ne2 Nac5 16. Ned4 Qc8
17. Rfe1 b4 18. axb4 axb4 19. b3 Ra3 20. Rad1 Ra2 21. Qh5 Nb7
22. Bg5 Bc5 23. Bd2 Bxd4 24. Nxd4 c5 25. Nf3 Qe8 26. Rc1 f5
27. Qh4 d4 28. Ra1 Rxc2 29. Ra7 Nd8 30. Ra8 Kg8 31. Bg5 h6
32. Rxd8 Qf7 33. Be7 Rxd8 34. Bxd8 Rc3 35. Ra1 Rxd3 36. Ra7
Rxb3 37. Qe7 Qxe7 38. Bxe7 Rb1+ 39. Kh2 b3 40. Nd2 Rb2
41. Nxb3 Nxe5 42. Nxc5 d3 43. Ra8+ Kf7 44. Bd6 d2 45. Ra7+ Kg8
46. Bxe5 d1=Q 47. Rxg7+ Kf8 48. Nd7+ Ke8 49. Bxb2 Qd2 50. Be5
Qxf2 51. Nf6+ Kd8 52. Bd6 Kc8 53. Rc7+ Kd8 54. Rb7 1-0

[Event "SportAccord World Mind Games (Men's Rapid)"]
[Site "Beijing CHN"]
[Date "2012.12.14"]
[EventDate "2012.12.14"]
[Round "3.5"]
[Result "0-1"]
[White "Teimour Radjabov"]
[Black "Ding Liren"]
[WhiteElo "2793"]
[BlackElo "2702"]
[PlyCount "72"]

1. d4 Nf6 2. c4 g6 3. Nc3 Bg7 4. Nf3 O-O 5. g3 d6 6. Bg2 Nc6
7. O-O a6 8. Bf4 Bf5 9. d5 Na5 10. Nd2 c5 11. e4 Bd7 12. Re1
Ng4 13. Qc2 b5 14. cxb5 axb5 15. Ne2 b4 16. Nf3 Bb5 17. Rad1
Nc4 18. h3 Nge5 19. Nxe5 Nxe5 20. Nc1 Qa5 21. b3 Rfc8 22. Qd2
c4 23. Bh6 c3 24. Qf4 Bxh6 25. Qxh6 Qa3 26. Qe3 c2 27. Rd4 Rc3
28. Qd2 Nd3 29. Nxd3 Rxd3 30. Rxd3 Bxd3 31. e5 Rc8 32. Qc1
Qxc1 33. Rxc1 dxe5 34. f3 Ra8 35. Kf2 Rxa2 36. Ke3 Bc4 0-1

[Event "SportAccord World Mind Games (Men's Rapid)"]
[Site "Beijing CHN"]
[Date "2012.12.14"]
[EventDate "2012.12.14"]
[Round "4.3"]
[Result "1-0"]
[White "Ding Liren"]
[Black "Baadur Jobava"]
[WhiteElo "2702"]
[BlackElo "2711"]
[PlyCount "80"]

1. d4 Nf6 2. c4 g6 3. Nc3 Bg7 4. e4 O-O 5. Nf3 c5 6. d5 e6
7. Bd3 exd5 8. cxd5 d6 9. h3 Re8 10. O-O Nbd7 11. Re1 Ne5
12. Nxe5 Rxe5 13. Bf4 Re8 14. Nb5 Nh5 15. Bxd6 Bxh3 16. gxh3
a6 17. e5 Nf4 18. Bf1 axb5 19. Qg4 Nxd5 20. Bxb5 Re6 21. Bc4
Ra4 22. b3 h5 23. Qf3 Qg5+ 24. Qg3 Qxg3+ 25. fxg3 Rxc4
26. bxc4 Nb4 27. Rab1 b6 28. Re2 Bf8 29. Rd1 Bg7 30. Rb1 Bf8
31. Rd2 Bh6 32. Rdd1 Nxa2 33. Rxb6 Nc3 34. Ra1 Ne4 35. Ra8+
Kh7 36. Rb7 Ng5 37. h4 Nf3+ 38. Kf2 Nd4 39. Rxf7+ Bg7 40. Bf8
Nf5 1-0

[Event "SportAccord World Mind Games (Men's Rapid)"]
[Site "Beijing CHN"]
[Date "2012.12.15"]
[EventDate "2012.12.6"]
[Round "5.2"]
[Result "1-0"]
[White "Ding Liren"]
[Black "Peter Leko"]
[WhiteElo "2702"]
[BlackElo "2732"]
[PlyCount "53"]

1. d4 Nf6 2. c4 e6 3. Nc3 Bb4 4. f3 d5 5. a3 Bxc3+ 6. bxc3 c5
7. cxd5 Nxd5 8. dxc5 Qa5 9. e4 Nf6 10. Be3 O-O 11. Qb3 Nfd7
12. a4 Qc7 13. Qa3 b6 14. a5 bxc5 15. a6 c4 16. Qa5 Nxa6
17. Qxc7 Nxc7 18. Bxc4 a5 19. Be2 f5 20. exf5 exf5 21. Nh3 Ba6
22. c4 Ne5 23. Bf4 Rfe8 24. Kf2 Re7 25. Rxa5 Nxc4 26. Bxc4+
Bxc4 27. Bxc7 1-0

[Event "SportAccord World Mind Games (Men's Rapid)"]
[Site "Beijing CHN"]
[Date "2012.12.15"]
[EventDate "2012.12.6"]
[Round "6.1"]
[Result "1/2-1/2"]
[White "Laurent Fressinet"]
[Black "Ding Liren"]
[WhiteElo "2700"]
[BlackElo "2702"]
[PlyCount "132"]

1. d4 Nf6 2. Nf3 g6 3. c4 Bg7 4. g3 O-O 5. Bg2 d6 6. O-O Nc6
7. Nc3 a6 8. Re1 Rb8 9. Rb1 b5 10. cxb5 axb5 11. b4 e6 12. e4
Ne7 13. h3 Bb7 14. Qc2 Ba8 15. Be3 Nd7 16. Nd2 c6 17. Nb3 Nb6
18. Na5 Qd7 19. Rbd1 Nc4 20. Nxc4 bxc4 21. a3 Bb7 22. e5 d5
23. f4 Ra8 24. Ra1 Rfb8 25. g4 Bc8 26. Na4 Qc7 27. Nc5 f5
28. Bf2 Kf7 29. Bh4 Ra7 30. Qf2 Rba8 31. Re3 Ng8 32. Bf3 Ke8
33. gxf5 exf5 34. b5 Bf8 35. bxc6 Bxc5 36. dxc5 Qxc6 37. Rc3
Be6 38. Qd4 Ra5 39. Rxc4 Rxa3 40. Rxa3 Rxa3 41. Bg2 Ne7
42. Bxe7 Kxe7 43. Rc2 h6 44. h4 Qa4 45. Qxa4 Rxa4 46. c6 Rxf4
47. h5 gxh5 48. c7 Rc4 49. Rxc4 dxc4 50. Bd5 Bc8 51. Bxc4 Kd7
52. Bf7 Kxc7 53. Bxh5 Kd7 54. Bf7 Ke7 55. Bd5 Be6 56. Bb7 h5
57. Kg2 Bc4 58. Bc8 Bd3 59. Kg3 Be4 60. Kh4 f4 61. Kxh5 f3
62. Kg4 f2 63. Ba6 Bg2 64. Kg3 f1=Q 65. Bxf1 Bxf1 66. e6 Kxe6
1/2-1/2

[Event "SportAccord World Mind Games (Men's Rapid)"]
[Site "Beijing CHN"]
[Date "2012.12.15"]
[EventDate "2012.12.6"]
[Round "7.2"]
[Result "0-1"]
[White "Ding Liren"]
[Black "Alexander Grischuk"]
[WhiteElo "2702"]
[BlackElo "2764"]
[PlyCount "62"]

1. Nf3 c5 2. c4 Nc6 3. Nc3 e5 4. e3 f5 5. d3 Nf6 6. Nd5 d6
7. Nxf6+ Qxf6 8. g3 g5 9. Bg2 Bg7 10. O-O O-O 11. Bd2 Be6
12. Bc3 g4 13. Nd2 h5 14. Rb1 Rad8 15. b4 cxb4 16. Bxb4 h4
17. Bc3 Rf7 18. Rb5 Qh6 19. Re1 hxg3 20. hxg3 Bf6 21. Nf1 Rh7
22. Qb3 Rdd7 23. d4 a6 24. Rb6 Nd8 25. dxe5 dxe5 26. Rd1 e4
27. Rdd6 Bxc3 28. Qxc3 Nc6 29. Rdxc6 bxc6 30. Rxc6 Rd1 31. f4
gxf3 0-1

[Event "SportAccord World Mind Games (Men's Blitz)"]
[Site "Beijing CHN"]
[Date "2012.12.16"]
[EventDate "2012.12.16"]
[Round "1.3"]
[Result "0-1"]
[White "Ding Liren"]
[Black "Baadur Jobava"]
[WhiteElo "2702"]
[BlackElo "2711"]
[PlyCount "82"]

1. d4 Nf6 2. c4 d6 3. Nf3 g6 4. Nc3 Bf5 5. d5 Bg7 6. Nd4 Bd7
7. e4 O-O 8. Be2 Na6 9. O-O Nc5 10. f3 a5 11. Bg5 h6 12. Be3
Kh7 13. Qd2 e5 14. Nb3 b6 15. Nxc5 bxc5 16. g4 Ng8 17. Kg2 Bf6
18. h4 Bxh4 19. Rh1 g5 20. Rxh4 gxh4 21. Rh1 Ne7 22. Rxh4 Nf5
23. exf5 Qxh4 24. Ne4 Rg8 25. Bf2 Qd8 26. Kf1 Rb8 27. Bd3 f6
28. Bh4 Rg5 29. Bxg5 hxg5 30. Nxg5+ Kg7 31. Ne6+ Bxe6 32. fxe6
Qh8 33. Qg2 Qh6 34. g5 Qxg5 35. Qxg5+ fxg5 36. b3 Kf6 37. Kg2
a4 38. Bc2 a3 39. Kg3 Rh8 40. Kg2 Rh4 41. Bd3 Rd4 0-1

[Event "SportAccord World Mind Games (Men's Blitz)"]
[Site "Beijing CHN"]
[Date "2012.12.16"]
[EventDate "2012.12.16"]
[Round "2.7"]
[Result "0-1"]
[White "Anish Giri"]
[Black "Ding Liren"]
[WhiteElo "2720"]
[BlackElo "2702"]
[PlyCount "146"]

1. e4 e6 2. d4 d5 3. Nd2 c5 4. Ngf3 cxd4 5. exd5 Qxd5 6. Bc4
Qd6 7. O-O Nf6 8. Nb3 Nc6 9. Nbxd4 Nxd4 10. Nxd4 Be7 11. c3
O-O 12. Qf3 Qc7 13. Bb3 a6 14. Re1 Bd6 15. h3 Bh2+ 16. Kh1 Be5
17. Be3 Bd7 18. Rad1 Rfd8 19. Rd2 Be8 20. Red1 Qe7 21. Kg1 h6
22. a3 Rac8 23. Ba2 Ba4 24. Re1 Qc7 25. Bxe6 Bxd4 26. Bxc8
Bxe3 27. Qxb7 Rxc8 28. Qxc7 Bxf2+ 29. Kxf2 Rxc7 30. Rd4 Bb3
31. Rb4 Be6 32. Rb8+ Kh7 33. Rb6 a5 34. a4 Nd7 35. Rb5 Nc5
36. Rd1 Nxa4 37. Rd2 Nc5 38. Rd4 a4 39. Ke3 Bb3 40. Rd6 Ne6
41. Rdb6 Kg6 42. Rb7 Rc8 43. Rb8 Rc4 44. Rb4 Rc5 45. R8b5 Rc7
46. Rb7 Rc8 47. Rb8 Rxb8 48. Rxb8 f5 49. Rc8 Kf6 50. c4 Ke5
51. g3 g5 52. Kd3 f4 53. g4 Kd6 54. Rh8 Kc5 55. Rc8+ Kd6
56. Rh8 f3 57. Rxh6 Ke5 58. Ke3 Bxc4 59. Kxf3 Nc5 60. Rg6 Nd3
61. Rxg5+ Kd4 62. Ra5 Nxb2 63. g5 Kc3 64. g6 Kb4 65. Ra8 a3
66. Rb8+ Kc3 67. Ra8 Kb4 68. Rb8+ Kc3 69. Ra8 Bd5+ 70. Kf4
Bxa8 71. Ke5 Nc4+ 72. Ke6 Ne3 73. Ke5 a2 0-1

[Event "SportAccord World Mind Games (Men's Blitz)"]
[Site "Beijing CHN"]
[Date "2012.12.16"]
[EventDate "2012.12.16"]
[Round "3.2"]
[Result "0-1"]
[White "Ding Liren"]
[Black "Laurent Fressinet"]
[WhiteElo "2702"]
[BlackElo "2700"]
[PlyCount "100"]

1. d4 Nf6 2. c4 Nc6 3. Nf3 e6 4. Nc3 Bb4 5. Qc2 d6 6. a3 Bxc3+
7. Qxc3 O-O 8. b4 e5 9. Bb2 Re8 10. e3 Bg4 11. d5 Nb8 12. Nd2
c6 13. e4 a5 14. Bd3 Nbd7 15. O-O c5 16. Nb3 b6 17. f3 Bh5
18. bxa5 bxa5 19. a4 h6 20. Bc1 Bg6 21. Bd2 Nh5 22. g3 Rf8
23. Nxa5 f5 24. Nc6 Qe8 25. a5 fxe4 26. fxe4 Ndf6 27. Qc2 Qd7
28. Bc3 Kh7 29. Rae1 Ng4 30. Qg2 Rxf1+ 31. Qxf1 Ngf6 32. Qf3
Qh3 33. Qg2 Qd7 34. Bd2 Qb7 35. Rb1 Qd7 36. h3 Qe8 37. Be3 Qd7
38. Kh2 Qe8 39. Rb7 Qc8 40. Rb6 Ra6 41. Rxa6 Qxa6 42. Qb2 Bxe4
43. Bxe4+ Nxe4 44. Qb5 Qc8 45. g4 Qf8 46. gxh5 Qf3 47. Qb3
Qg3+ 48. Kh1 Nf2+ 49. Bxf2 Qxb3 50. a6 Qxc4 0-1

[Event "SportAccord World Mind Games (Men's Blitz)"]
[Site "Beijing CHN"]
[Date "2012.12.16"]
[EventDate "2012.12.16"]
[Round "4.8"]
[Result "1-0"]
[White "Gata Kamsky"]
[Black "Ding Liren"]
[WhiteElo "2762"]
[BlackElo "2702"]
[PlyCount "115"]

1. b3 g6 2. Bb2 Nf6 3. g3 Bg7 4. Bg2 d5 5. e3 O-O 6. Ne2 c5
7. d3 Nc6 8. Nd2 Re8 9. h3 e5 10. g4 d4 11. Bxc6 bxc6 12. e4
h5 13. f3 Nh7 14. Ng3 Qh4 15. Kf2 Bh6 16. Kg2 Ng5 17. Ndf1 Ne6
18. Ne2 f5 19. Bc1 Nf4+ 20. Bxf4 exf4 21. Qe1 Qf6 22. Nh2 a5
23. a4 Bg5 24. Rg1 Ra7 25. gxh5 gxh5 26. Kh1 Kh7 27. Qf2 Bh4
28. Qg2 Be6 29. Nxf4 Rg8 30. Qe2 Rxg1+ 31. Rxg1 Bf7 32. exf5
Re7 33. Qg2 Re5 34. Ng6 Bxg6 35. Qxg6+ Qxg6 36. fxg6+ Kg7
37. f4 Re2 38. Nf3 Bf6 39. Rg2 Re3 40. Nd2 Re1+ 41. Rg1 Re2
42. Rg2 Re1+ 43. Kh2 Bd8 44. Nf3 Re3 45. Ne5 Bc7 46. Rg5 h4
47. Kg2 Re2+ 48. Kf3 Rxc2 49. Kg4 Rc3 50. Kh5 Rxb3 51. Rf5
Bxe5 52. Rxe5 Rxd3 53. Re7+ Kf6 54. Rf7+ Ke6 55. f5+ Kd6
56. g7 Rg3 57. Rf6+ Kd5 58. Rg6 1-0

[Event "SportAccord World Mind Games (Men's Blitz)"]
[Site "Beijing CHN"]
[Date "2012.12.16"]
[EventDate "2012.12.16"]
[Round "6.8"]
[Result "0-1"]
[White "Ding Liren"]
[Black "Shakhriyar Mamedyarov"]
[WhiteElo "2702"]
[BlackElo "2764"]
[PlyCount "106"]

1. d4 d5 2. c4 c6 3. Nc3 Nf6 4. Nf3 e6 5. Bg5 Nbd7 6. e3 Qa5
7. cxd5 Nxd5 8. Qd2 Bb4 9. Rc1 b6 10. a3 Bxc3 11. bxc3 h6
12. Bh4 c5 13. c4 Qxd2+ 14. Nxd2 Ne7 15. f3 f5 16. Bd3 Ba6
17. O-O Kf7 18. Nb3 Rac8 19. Rfd1 Rhd8 20. Bf1 g5 21. Bf2 cxd4
22. exd4 Nf6 23. a4 g4 24. f4 Ne4 25. a5 Rd7 26. axb6 axb6
27. Bd3 Nxf2 28. Kxf2 h5 29. Ke3 h4 30. Rc2 Bb7 31. Ra1 Rcd8
32. Bf1 g3 33. h3 Be4 34. Rcc1 b5 35. cxb5 Nd5+ 36. Kd2 Nxf4
37. b6 Rb8 38. Rc7 Rxc7 39. bxc7 Rc8 40. Ra7 Bxg2 41. Ba6 Bb7
42. Bxb7 Rxc7 43. Nc5 g2 44. Ra1 Rxb7 45. Nxb7 Nxh3 46. Ke3
g1=Q+ 47. Rxg1 Nxg1 48. Nd8+ Kf6 49. Nc6 h3 50. Kf2 Ne2
51. Kf3 f4 52. Ne5 Kf5 53. Nc6 Ng3 0-1

[Event "SportAccord World Mind Games (Men's Blitz)"]
[Site "Beijing CHN"]
[Date "2012.12.16"]
[EventDate "2012.12.16"]
[Round "7.2"]
[Result "1-0"]
[White "Alexander Grischuk"]
[Black "Ding Liren"]
[WhiteElo "2764"]
[BlackElo "2702"]
[PlyCount "49"]

1. d4 Nf6 2. c4 g6 3. Nc3 Bg7 4. e4 d6 5. h3 O-O 6. Be3 c5
7. d5 e6 8. Nf3 exd5 9. exd5 Qa5 10. Bd2 a6 11. Be2 Qc7
12. O-O b5 13. cxb5 axb5 14. Nxb5 Qb6 15. Bf4 Rd8 16. a4 Bb7
17. Bc4 Ne8 18. Re1 Nd7 19. Qd2 Ba6 20. Rab1 Rdc8 21. Bf1 Ndf6
22. Bc4 Rd8 23. b3 Nc7 24. a5 Qb8 25. Nxd6 1-0

[Event "SportAccord World Mind Games (Men's Blitz)"]
[Site "Beijing CHN"]
[Date "2012.12.16"]
[EventDate "2012.12.16"]
[Round "8.7"]
[Result "1/2-1/2"]
[White "Ding Liren"]
[Black "Levon Aronian"]
[WhiteElo "2702"]
[BlackElo "2815"]
[PlyCount "83"]

1. d4 Nf6 2. c4 e6 3. Nf3 b6 4. g3 Bb7 5. Bg2 Bb4+ 6. Bd2 c5
7. O-O O-O 8. Bxb4 cxb4 9. Qd3 a5 10. Nbd2 Na6 11. e4 d6
12. Rad1 Qe8 13. Ne1 e5 14. Nc2 Rd8 15. Rfe1 Qe6 16. b3 Rfe8
17. Nf1 Qc8 18. f3 g6 19. Nfe3 Kg7 20. h4 h5 21. Kh2 Qa8
22. Qd2 Nc7 23. Nf5+ Kg8 24. Qh6 Ne6 25. d5 gxf5 26. dxe6 Rxe6
27. Qg5+ Kh8 28. exf5 Nh7 29. Qxh5 Re7 30. Nd4 Red7 31. Nb5 f6
32. Re3 d5 33. cxd5 Bxd5 34. Rc1 Bc6 35. g4 Bxb5 36. g5 Rg7
37. g6 Rc8 38. Rd1 Rd8 39. Rc1 Rc8 40. Rd1 Rd8 41. Rc1 Rc8
42. Rd1 1/2-1/2

[Event "SportAccord World Mind Games (Men's Blitz)"]
[Site "Beijing CHN"]
[Date "2012.12.17"]
[EventDate "2012.12.16"]
[Round "9.3"]
[Result "0-1"]
[White "Viktor Bologan"]
[Black "Ding Liren"]
[WhiteElo "2681"]
[BlackElo "2702"]
[PlyCount "94"]

1. d4 Nf6 2. c4 g6 3. Nc3 Bg7 4. e4 d6 5. f3 O-O 6. Nge2 c5
7. d5 e6 8. Ng3 exd5 9. cxd5 a6 10. a4 h5 11. Be2 h4 12. Nf1
Nh7 13. Be3 f5 14. exf5 gxf5 15. Bf4 Qf6 16. Ne3 Nd7 17. Nc4
Ne5 18. O-O Nxc4 19. Bxc4 Bd7 20. Kh1 Rf7 21. Qb3 Re8 22. h3
Nf8 23. Rae1 Ng6 24. Bh2 f4 25. Re6 Bxe6 26. dxe6 Rfe7 27. Nd5
Qd4 28. Nxe7+ Rxe7 29. Rd1 Qxb2 30. Qxb2 Bxb2 31. Rxd6 Bd4
32. Bd5 Kg7 33. Rd7 Kf6 34. Rxb7 Rxb7 35. Bxb7 a5 36. Bd5 Be3
37. Bg1 Nf8 38. Bxe3 fxe3 39. Kg1 Nxe6 40. Bxe6 Kxe6 41. Kf1
Ke5 42. Ke2 Kf4 43. Kd3 c4+ 44. Ke2 c3 45. Kd3 c2 46. Kxc2 Kg3
47. Kd1 Kf2 0-1

[Event "SportAccord World Mind Games (Men's Blitz)"]
[Site "Beijing CHN"]
[Date "2012.12.17"]
[EventDate "2012.12.16"]
[Round "10.6"]
[Result "0-1"]
[White "Ding Liren"]
[Black "Sergey Karjakin"]
[WhiteElo "2702"]
[BlackElo "2775"]
[PlyCount "62"]

1. d4 d5 2. c4 dxc4 3. e4 Nf6 4. e5 Nd5 5. Bxc4 Nb6 6. Bd3 Nc6
7. Be3 Nb4 8. Be4 f5 9. exf6 exf6 10. Nc3 f5 11. Bb1 N4d5
12. Nf3 Nxe3 13. fxe3 Bd6 14. O-O O-O 15. e4 c6 16. exf5 Bxf5
17. Bxf5 Rxf5 18. Qb3+ Kh8 19. Rae1 Qd7 20. Ne4 Raf8 21. Nxd6
Qxd6 22. Re6 Qd7 23. Rfe1 Nd5 24. R6e5 Rxe5 25. dxe5 Qg4
26. Kh1 Nf4 27. Qc2 h5 28. Ng1 Ne6 29. Nf3 Nf4 30. Ng1 Re8
31. Qe4 Rxe5 0-1

[Event "SportAccord World Mind Games (Men's Blitz)"]
[Site "Beijing CHN"]
[Date "2012.12.17"]
[EventDate "2012.12.16"]
[Round "12.5"]
[Result "1/2-1/2"]
[White "Ding Liren"]
[Black "Wang Hao"]
[WhiteElo "2702"]
[BlackElo "2737"]
[PlyCount "103"]

1. Nf3 d5 2. d4 Nf6 3. c4 c6 4. Nc3 a6 5. c5 Bf5 6. Nh4 Bg6
7. Bf4 Nbd7 8. e3 e6 9. h3 Be7 10. Nxg6 hxg6 11. Bd3 Nh5
12. Bh2 f5 13. b4 Nhf6 14. a4 g5 15. f3 Qc8 16. b5 Bd8 17. b6
Be7 18. Qe2 Kf7 19. e4 g6 20. O-O-O Qg8 21. Rde1 Re8 22. Bc7
f4 23. Qf2 Nh5 24. Ne2 Bf6 25. e5 Bd8 26. Bd6 Be7 27. Kc2 Rf8
28. Nc1 Qg7 29. Nb3 Ng3 30. Rhg1 Bxd6 31. cxd6 Kg8 32. Rb1 Kh7
33. a5 Rc8 34. Rge1 Rhd8 35. Nc5 Nxc5 36. dxc5 Qf7 37. Kc3 Nf5
38. Bxf5 Qxf5 39. Kd4 Kg7 40. Qd2 Rh8 41. Qd3 Rh4 42. Qxf5
gxf5 43. Re2 Rch8 44. Rf1 Kf7 45. Ref2 Ke8 46. Kd3 Kf7 47. Kc3
Ke8 48. Kd3 Kf7 49. Kc3 Ke8 50. Kd3 Kf7 51. Kc3 Ke8 52. Kd3
1/2-1/2

[Event "SportAccord World Mind Games (Men's Blitz)"]
[Site "Beijing CHN"]
[Date "2012.12.17"]
[EventDate "2012.12.16"]
[Round "13.5"]
[Result "1-0"]
[White "Teimour Radjabov"]
[Black "Ding Liren"]
[WhiteElo "2793"]
[BlackElo "2702"]
[PlyCount "83"]

1. c4 g6 2. g3 Bg7 3. Bg2 e5 4. Nc3 Nc6 5. Rb1 d6 6. e3 f5
7. Nge2 Nf6 8. d4 e4 9. h4 O-O 10. Nf4 Ne7 11. b3 c6 12. Ba3
Rf7 13. Qd2 d5 14. Bf1 Bf8 15. Be2 a6 16. Rc1 b5 17. cxd5 cxd5
18. Bc5 Qd7 19. b4 Bb7 20. Qb2 Bc6 21. Qb3 Nc8 22. Ra1 Qb7
23. Ne6 Be7 24. h5 Nb6 25. Ng5 Rff8 26. hxg6 hxg6 27. Kf1 Nc4
28. Kg2 Qd7 29. Rh2 Kg7 30. Rah1 Rh8 31. Qd1 Rxh2+ 32. Rxh2
Rh8 33. Rxh8 Kxh8 34. Bxc4 bxc4 35. Nf7+ Kg7 36. Ne5 Qe8
37. Bxe7 Qxe7 38. Nxc6 Qb7 39. Qa4 Ng4 40. b5 axb5 41. Qxb5
Qa8 42. Qxd5 1-0

[Event "SportAccord World Mind Games (Men's Blitz)"]
[Site "Beijing CHN"]
[Date "2012.12.17"]
[EventDate "2012.12.16"]
[Round "14.4"]
[Result "1-0"]
[White "Ding Liren"]
[Black "Alexander Morozevich"]
[WhiteElo "2702"]
[BlackElo "2748"]
[PlyCount "75"]

1. Nf3 g6 2. e4 c5 3. c3 Bg7 4. d4 cxd4 5. cxd4 d5 6. e5 a6
7. h3 Nc6 8. Nc3 f6 9. exf6 exf6 10. Bd3 Nge7 11. O-O O-O
12. Re1 Rf7 13. a3 Bf5 14. Bxf5 Nxf5 15. g4 Nfe7 16. Na4 g5
17. Nc5 Ng6 18. b4 Bf8 19. Qb3 b6 20. Ne6 Qd7 21. Ra2 Bd6
22. Rae2 Rc8 23. Qd3 a5 24. bxa5 Nxa5 25. h4 gxh4 26. Qf5 Rc3
27. Kh1 Ne7 28. Qh5 Rxf3 29. g5 Rh3+ 30. Kg2 Rh2+ 31. Kg1 Ng6
32. Bf4 fxg5 33. Bxh2 Bxh2+ 34. Kxh2 Rf5 35. Nxg5 Rf8 36. Re7
Qd6+ 37. Kh1 h6 38. Qxh6 1-0

[Event "SportAccord World Mind Games (Men's Blitz)"]
[Site "Beijing CHN"]
[Date "2012.12.17"]
[EventDate "2012.12.16"]
[Round "15.6"]
[Result "1-0"]
[White "Hikaru Nakamura"]
[Black "Ding Liren"]
[WhiteElo "2760"]
[BlackElo "2702"]
[PlyCount "61"]

1. Nf3 Nf6 2. c4 g6 3. Nc3 Bg7 4. e4 d6 5. d4 O-O 6. Be2 e5
7. dxe5 dxe5 8. Qxd8 Rxd8 9. Nd5 Na6 10. Bg5 Rd6 11. Bxf6 Bxf6
12. Rc1 Bd8 13. c5 Re6 14. a3 Nb8 15. O-O Re8 16. b4 Bg4
17. Nd4 exd4 18. Bxg4 c6 19. Bc8 a5 20. Bxb7 Ra7 21. Bxc6 Nxc6
22. b5 Ne5 23. c6 a4 24. b6 Bxb6 25. Nxb6 Rc7 26. Nd5 Rxc6
27. Rxc6 Nxc6 28. Nf6+ Kf8 29. Nxe8 Kxe8 30. Rc1 Kd7 31. Kf1
1-0